000 00585cam a22002411 4500
001 sa 63004334
003 DLC
005 20260227111948.0
008 890731s1963 xx 000 1 hino
010 _asa 63004334
035 _a(OCoLC)20102354
040 _aDLC
_cWaU
_dDLC
042 _apremarc
043 _aa-ii---
050 0 0 _aPK2098.T655
_bS3
100 1 _aTripāṭhī, Bālmīki.
245 1 0 _aSattā aura saṅgharsha.
260 _c[1963]
300 _a235 p.
_c20 cm.
500 _aIn Hindi.
500 _aA novel.
651 0 _aMogul Empire
_xHistory
_vFiction.
999 _c55595
_d55595